Canción de navidad /

Ebenezer Scrooge no encuentra ningún beneficio en la Navidad. Por eso no le interesa celebrarla y, año tras año, la pasa de la misma manera que su vida: con avaricia, mal humor y en la más absoluta soledad. Hasta que una víspera de Navidad, se presentan en su oscura casa tres fantasmas que lo llevan...

Descripción completa

Guardado en:
Otros Autores: Dickens, Charles., Rojas, María; il., Mariño, Ricardo; prol.
Formato: Libro
Publicado: Buenos Aires : Santillana, 2001.
Series:Leer es genial. Paz y respeto
Materias:
Etiquetas: Agregar Etiqueta
Sin Etiquetas, Sea el primero en etiquetar este registro!
LEADER 01505nam a22002415a 4500
001 CEM.cems019998
008 230420s2001##################000#0#####d
005 20230420175335.0
245 1 0 |a Canción de navidad /  |c Charles Dickens; Ilustrado por María Rojas; Prólogo por Ricardo Mariño. 
260 |a Buenos Aires :  |b Santillana,  |c 2001. 
300 |a 136 p. 
490 0 |a Leer es genial. Paz y respeto 
520 |a Ebenezer Scrooge no encuentra ningún beneficio en la Navidad. Por eso no le interesa celebrarla y, año tras año, la pasa de la misma manera que su vida: con avaricia, mal humor y en la más absoluta soledad. Hasta que una víspera de Navidad, se presentan en su oscura casa tres fantasmas que lo llevan a distintos lugares y momentos del pasado, del presente e incluso del futuro, para mostrarle los aspectos más ruines de sí mismo. La tenebrosa experiencia, sin embargo, se convierte en una fuente de aprendizaje que le permite reflexionar sobre la caridad y sus propias miserias. Un gran clásico de la literatura universal que, después de un siglo, sigue transmitiendo un profundo mensaje de paz y respeto hacia la Humanidad. 
020 |a 9504610056 
700 1 |a Dickens, Charles. 
700 1 |a Rojas, María; il. 
700 1 |a Mariño, Ricardo; prol. 
653 |a Literatura Inglesa 
653 |a Cuentos 
653 |a Literatura Infantil 
653 |a Cuentos infantiles 
653 |a Clásicos infantiles 
859 |a CEMS  |b BIB. CEMS - Inicial y Primaria  |h 823.8  |i D555  |k IP  |p 6291  |t Ej.1